000
00208 a2200097 4500
001
30768
100
_a
Howe, M
245
_a
One Woman's Morocco
260
_a
London
_b
Arthur Barker
_c
090
_c
20700
_d
20700
942
_a
NUST-CAE
_c
M
_c
11893
999
_c
265841
_d
265841